Využitie historických objektov v cestovnom ruchu na Slovensku a vo svete bakalárska práca

Uložené v:
Podrobná bibliografia
Hlavný autor: Hyravá, Barbora
Korporativný autor: Obchodná fakulta EU. Katedra služieb a cestovného ruchu - zrušené
Ďalší autori: Veszprémi Sirotková, Anna, 1966-
Médium: Kniha
Jazyk:Slovak
Vydavateľské údaje: Bratislava 2009
Tagy: Pridať tag
Žiadne tagy, Buďte prvý, kto otaguje tento záznam!

MARC

LEADER 00000nam$a2200000$$$4500
001 0102606
005 20240318140406.0
041 0 |a slo 
044 |a SK 
245 1 0 |a Využitie historických objektov v cestovnom ruchu na Slovensku a vo svete  |b bakalárska práca  |c Barbora Hyravá ; škol. Anna Sirotková 
264 1 |a Bratislava  |c 2009 
300 |a 55 s. 
100 1 |a Hyravá, Barbora 
700 1 |a Veszprémi Sirotková, Anna, 1966- 
710 2 |a Obchodná fakulta EU. Katedra služieb a cestovného ruchu - zrušené